Management decision making : (Record no. 20608)
[ view plain ]
| 000 -LEADER | |
|---|---|
| fixed length control field | 01043cam a22002775a 4500 |
| 001 - CONTROL NUMBER | |
| control field | 11843691 |
| 005 - DATE AND TIME OF LATEST TRANSACTION | |
| control field | 20151116104655.0 |
| 006 - FIXED-LENGTH DATA ELEMENTS--ADDITIONAL MATERIAL CHARACTERISTICS--GENERAL INFORMATION | |
| fixed length control field | a||||fq||z f00| 0 |
| 008 - FIXED-LENGTH DATA ELEMENTS--GENERAL INFORMATION | |
| fixed length control field | 991116s2010 nyua frb f001 0 eng d |
| 020 ## - INTERNATIONAL STANDARD BOOK NUMBER | |
| International Standard Book Number | 9780521781183 |
| 040 ## - CATALOGING SOURCE | |
| Original cataloging agency | DLC |
| Language of cataloging | eng |
| Transcribing agency | DLC |
| Modifying agency | EG-ScBUE |
| -- | EG-ScBUE |
| 082 04 - DEWEY DECIMAL CLASSIFICATION NUMBER | |
| Classification number | 658.4032 |
| Item number | MON |
| Edition number | 22 |
| 100 1# - MAIN ENTRY--PERSONAL NAME | |
| Personal name | Monahan, George E. |
| Fuller form of name | (George Edward), |
| Dates associated with a name | 1945- |
| 9 (RLIN) | 38746 |
| 245 10 - TITLE STATEMENT | |
| Title | Management decision making : |
| Remainder of title | spreadsheet modeling, analysis, and applications / |
| Statement of responsibility, etc | George E. Monahan. |
| 250 ## - EDITION STATEMENT | |
| Edition statement | 4th printing ed. |
| 260 ## - PUBLICATION, DISTRIBUTION, ETC. (IMPRINT) | |
| Place of publication, distribution, etc | Cambridge : |
| Name of publisher, distributor, etc | Cambridge University Press , |
| Date of publication, distribution, etc | 2010. |
| 300 ## - PHYSICAL DESCRIPTION | |
| Extent | xxxviii, 714 p. : |
| Other physical details | ill. ; |
| Dimensions | 26 cm. + |
| Accompanying material | 1 CD-ROM (4 3/4 in.) |
| 500 ## - GENERAL NOTE | |
| General note | Index : p. 703-712. |
| 504 ## - BIBLIOGRAPHY, ETC. NOTE | |
| Bibliography, etc | Includes bibliographical references. |
| 650 #0 - SUBJECT ADDED ENTRY--TOPICAL TERM | |
| Topical term or geographic name as entry element | Industrial management |
| General subdivision | Decision making. |
| Source of heading or term | BUEsh |
| 650 #7 - SUBJECT ADDED ENTRY--TOPICAL TERM | |
| Topical term or geographic name as entry element | Industrial management |
| General subdivision | Data processing. |
| Source of heading or term | BUEsh |
| 9 (RLIN) | 36485 |
| 650 #7 - SUBJECT ADDED ENTRY--TOPICAL TERM | |
| Topical term or geographic name as entry element | Electronic spreadsheets. |
| Source of heading or term | BUEsh |
| 9 (RLIN) | 14106 |
| 651 ## - SUBJECT ADDED ENTRY--GEOGRAPHIC NAME | |
| Source of heading or term | BUEsh |
| 653 ## - INDEX TERM--UNCONTROLLED | |
| Resource For college | BAEPS, Business Administration |
| Arrived date list | August2015 |
| -- | November2015 |
| 942 ## - ADDED ENTRY ELEMENTS (KOHA) | |
| Source of classification or shelving scheme | Dewey Decimal Classification |
| Call number prefix | 658.4032 MON |
| Withdrawn status | Lost status | Source of classification or shelving scheme | Damaged status | Not for loan | Koha collection | Home library | Current library | Shelving location | Date acquired | Source of acquisition | Cost, normal purchase price | Serial Enumeration / chronology | Total Checkouts | Full call number | Barcode | Date last seen | Date last borrowed | Cost, replacement price | Koha item type |
|---|---|---|---|---|---|---|---|---|---|---|---|---|---|---|---|---|---|---|---|
| Dewey Decimal Classification | Baccah | Central Library | Central Library | First floor | 19/08/2015 | Purchase | 754.00 | 21758 | 1 | 658.4032 MON | 000030706 | 15/07/2025 | 18/12/2018 | 942.50 | Book - Borrowing | ||||
| Dewey Decimal Classification | Baccah | Central Library | Central Library | First floor | 19/08/2015 | Purchase | 754.00 | 21758 | 658.4032 MON | 000030707 | 24/08/2022 | 942.50 | CD | DVD - With book |